000 00520nam a22001817a 4500
999 _c13697
_d13697
003 AR-CdUCM
008 190416b ||||| |||| 00| 0 spa d
040 _aMUNICIPALIDAD PROVINCIAL DEL CUSCO
_cBIBLIOTECA MUNICIPAL DEL CUSCO
082 _aC / 860.1 /
_bC95
100 _aCueto Fernandini, Carlos
_98981
245 _aPoemas dispares /
260 _bCuadernos de cocodrilo,
300 _a8 páginas ;
_c24 cm.
505 _aPoesía.
650 _aPoesía.
_9139
942 _2ddc
_cFOLLETOS
945 _awfj
_d2019-04-16